A selection of Japan's emergency legislation

Contents: Regulations of foreign exchange; taxation; regulation of capital; regulation of trade; miscellaneous regulation.

Shranjeno v:
Bibliografske podrobnosti
Format: Knjiga
Jezik:Undetermined
Izdano: Kobe The Japan chronicle press 1937
Teme:
Oznake: Označite
Brez oznak, prvi označite!
Thư viện lưu trữ: Trung tâm Học liệu Trường Đại học Cần Thơ
LEADER 00653nam a2200181Ia 4500
001 CTU_218715
008 210402s9999 xx 000 0 und d
082 |a 332.45 
082 |b S464 
245 2 |a A selection of Japan's emergency legislation 
245 0 |c William J. Sebald (Translated by) 
260 |a Kobe 
260 |b The Japan chronicle press 
260 |c 1937 
520 |a Contents: Regulations of foreign exchange; taxation; regulation of capital; regulation of trade; miscellaneous regulation. 
650 |a Foreign exchange,Ngoại hối 
904 |i Bích Trâm, Tuyến 
980 |a Trung tâm Học liệu Trường Đại học Cần Thơ